Mental Health and Social Withdrawal in Contemporary Japan : Beyond the Hikikomori Spectrum.

Bibliographic Details
Main Author: Tajan, Nicolas.
Format: eBook
Language:English
Published: Milton : Taylor & Francis Group, 2022.
Edition:1st ed.
Series:Japan Anthropology Workshop Series
Subjects:
Online Access:Click to View
LEADER 02201nam a22003973i 4500
001 EBC7245567
003 MiAaPQ
005 20231204023229.0
006 m o d |
007 cr cnu||||||||
008 231204s2022 xx o ||||0 eng d
020 |a 9781351260787  |q (electronic bk.) 
020 |z 9780815365747 
035 |a (MiAaPQ)EBC7245567 
035 |a (Au-PeEL)EBL7245567 
035 |a (OCoLC)1378933180 
040 |a MiAaPQ  |b eng  |e rda  |e pn  |c MiAaPQ  |d MiAaPQ 
082 0 |a 362.198928900952 
100 1 |a Tajan, Nicolas. 
245 1 0 |a Mental Health and Social Withdrawal in Contemporary Japan :  |b Beyond the Hikikomori Spectrum. 
250 |a 1st ed. 
264 1 |a Milton :  |b Taylor & Francis Group,  |c 2022. 
264 4 |c Ã2021. 
300 |a 1 online resource (273 pages) 
336 |a text  |b txt  |2 rdacontent 
337 |a computer  |b c  |2 rdamedia 
338 |a online resource  |b cr  |2 rdacarrier 
490 1 |a Japan Anthropology Workshop Series 
505 0 |a Cover -- Half Title -- Series Page -- Title Page -- Copyright Page -- Contents -- Preface -- Acknowledgements -- Introduction: Step Aside, Intersections, Minor Roads -- 1. School Nonattendance Created the Need for Clinical Psychologists -- 2. The Resistance to Students' Psychological Care -- 3. Is Social Withdrawal a Mental Disorder? -- 4. Mental Health Surveys on Hikikomori -- 5. NPO Support Toward Hikikomori Youths -- 6. Hikikomori Subjects' Narratives -- 7. Beyond the Hikikomori Spectrum -- 8. Conclusions: Social Isolation, Biopower, and the End of the Clinic -- Index. 
588 |a Description based on publisher supplied metadata and other sources. 
590 |a Electronic reproduction. Ann Arbor, Michigan : ProQuest Ebook Central, 2023. Available via World Wide Web. Access may be limited to ProQuest Ebook Central affiliated libraries.  
655 4 |a Electronic books. 
776 0 8 |i Print version:  |a Tajan, Nicolas  |t Mental Health and Social Withdrawal in Contemporary Japan  |d Milton : Taylor & Francis Group,c2022  |z 9780815365747 
797 2 |a ProQuest (Firm) 
830 0 |a Japan Anthropology Workshop Series 
856 4 0 |u https://ebookcentral.proquest.com/lib/matrademy/detail.action?docID=7245567  |z Click to View